Curso de práctica forense
Guardat en:
| Autor principal: | |
|---|---|
| Format: | Llibre |
| Idioma: | espanyol |
| Publicat: |
Lima
A. Aubert
1864
|
| Edició: | 2a. ed |
| Matèries: | |
| Etiquetes: |
Afegir etiqueta
Sense etiquetes, Sigues el primer a etiquetar aquest registre!
|
MARC
| LEADER | 00000nam a2200000 a 4500 | ||
|---|---|---|---|
| 001 | UCR4176 | ||
| 003 | CL-VaPUC | ||
| 008 | 980307e18640000PE |||||||||||||||||spa|d | ||
| 082 | 0 | 4 | |a 347.055 |b SIL |2 21 |
| 100 | 0 | |a Silva Santisteban, José |e author |9 403885 | |
| 245 | 1 | 0 | |a Curso de práctica forense |
| 250 | |a 2a. ed | ||
| 300 | |a 270 p | ||
| 942 | |c BK | ||
| 945 | |d 19980307 00:00:00 |a cmena | ||
| 260 | |a Lima |b A. Aubert |c 1864 | ||
| 650 | 0 | |a Práctica forense |9 256375 | |
| 650 | 0 | |a Derecho y legislación |9 255077 | |
| 650 | 0 | |a Proceso civil |9 361912 | |
| 650 | 0 | |a Proceso penal |9 381370 | |
| 650 | 0 | |a Derecho procesal penal |9 256392 | |
| 650 | 0 | |a Delitos |9 224143 | |
| 583 | |a last modification |c 19980307 00:00:00 |k Rodrigo Vera | ||
| 999 | |c 267127 |d 267125 | ||
| 952 | |0 0 |1 0 |4 0 |6 347_055000000000000_SIL_1864 |7 0 |8 DER_HDC |9 299313 |a BIBDER |b BIBDER |d 2019-11-20 |i 1958364 |o 347.055 SIL 1864 |p 1958364 |r 2023-01-25 |w 2019-11-20 |x Ubicación 4to Piso |y BK_X |z Estos recursos deben solicitarse con anticipación |k DER | ||